Higher Engineering Mathematics (Record no. 8042)
[ view plain ]
| 000 -LEADER | |
|---|---|
| fixed length control field | 00329nam a2200133Ia 4500 |
| 008 - FIXED-LENGTH DATA ELEMENTS--GENERAL INFORMATION | |
| fixed length control field | 191201s2012 xx 000 0 und d |
| 082 ## - DEWEY DECIMAL CLASSIFICATION NUMBER | |
| Classification number | 510 |
| Item number | GRH |
| 100 ## - MAIN ENTRY--PERSONAL NAME | |
| Personal name | GREWAL, BS |
| 245 #0 - TITLE STATEMENT | |
| Title | Higher Engineering Mathematics |
| 250 ## - EDITION STATEMENT | |
| Edition statement | 42th Rep |
| 260 ## - PUBLICATION, DISTRIBUTION, ETC. (IMPRINT) | |
| Date of publication, distribution, etc | 2012 |
| Name of publisher, distributor, etc | Khanna Publisher |
| Place of publication, distribution, etc | NEW DELHI |
| 300 ## - PHYSICAL DESCRIPTION | |
| Extent | 1312 |
| 942 ## - ADDED ENTRY ELEMENTS (KOHA) | |
| Source of classification or shelving scheme | Dewey Decimal Classification |
| Koha item type | Text Books |
| 942 ## - ADDED ENTRY ELEMENTS (KOHA) | |
| -- | 29 |
| Withdrawn status | Lost status | Source of classification or shelving scheme | Damaged status | Not for loan | Collection code | Home library | Current library | Date acquired | Source of acquisition | Cost, normal purchase price | Bill Number | Total Checkouts | Full call number | Acc. no. / Barcode | Date last seen | Date last borrowed | Bill Date | Koha item type |
|---|---|---|---|---|---|---|---|---|---|---|---|---|---|---|---|---|---|---|
| Dewey Decimal Classification | Diploma in Mechanical | PIET C-LIBRARY | PIET C-LIBRARY | 07/07/2012 | IBH, New Delhi | 450.00 | 5129 | 11 | 510 GRH | DE200 | 04/01/2024 | 23/12/2023 | 07/07/2012 | Text Books | ||||
| Dewey Decimal Classification | Diploma in Mechanical | PIET C-LIBRARY | PIET C-LIBRARY | 07/07/2012 | IBH, New Delhi | 450.00 | 5129 | 13 | 510 GRH | DE201 | 08/05/2026 | 04/09/2025 | 07/07/2012 | Text Books | ||||
| Dewey Decimal Classification | Diploma in Mechanical | PIET C-LIBRARY | PIET C-LIBRARY | 07/07/2012 | IBH, New Delhi | 450.00 | 5129 | 9 | 510 GRH | DE202 | 10/06/2025 | 28/05/2025 | 07/07/2012 | Text Books | ||||
| Dewey Decimal Classification | Diploma in Mechanical | PIET C-LIBRARY | PIET C-LIBRARY | 07/07/2012 | IBH, New Delhi | 450.00 | 5129 | 6 | 510 GRH | DE203 | 19/04/2024 | 05/04/2024 | 07/07/2012 | Text Books | ||||
| Dewey Decimal Classification | Diploma in Mechanical | PIET C-LIBRARY | PIET C-LIBRARY | 07/07/2012 | IBH, New Delhi | 450.00 | 5129 | 12 | 510 GRH | DE204 | 07/01/2025 | 24/12/2024 | 07/07/2012 | Text Books | ||||
| Dewey Decimal Classification | Diploma in Mechanical | PIET C-LIBRARY | PIET C-LIBRARY | 07/07/2012 | IBH, New Delhi | 450.00 | 5129 | 10 | 510 GRH | DE205 | 09/01/2025 | 24/12/2024 | 07/07/2012 | Text Books |